Logo

Description automatically generated
विद्यार्जन
 संसाधन केंद्र, भारतीय प्रौद्योगिकी संस्थान इन्दौर
Learning Resource Center, Indian Institute of Technology Indore

ऑनलाइन सार्वजनिक अभिगम प्रसूची
Online Public Access Catalogue (OPAC)

The penguin book of Indian journeys (Record no. 57333)

MARC details
000 -LEADER
fixed length control field 00638nam a2200217Ia 4500
005 - DATE AND TIME OF LATEST TRANSACTION
control field 20260629163255.0
008 - FIXED-LENGTH DATA ELEMENTS--GENERAL INFORMATION
fixed length control field 260629s9999||||xx |||||||||||||| ||und||
020 ## - INTERNATIONAL STANDARD BOOK NUMBER
International Standard Book Number 670912336
Qualifying information hb
020 ## - INTERNATIONAL STANDARD BOOK NUMBER
International Standard Book Number 9780670912339
Qualifying information hb
082 ## - DEWEY DECIMAL CLASSIFICATION NUMBER
Classification number 915.4
Item number MOR
100 ## - MAIN ENTRY--PERSONAL NAME
Personal name Moraes, Dom [ed.]
245 #4 - TITLE STATEMENT
Title The penguin book of Indian journeys
260 ## - PUBLICATION, DISTRIBUTION, ETC.
Place of publication, distribution, etc. New Delhi
Name of publisher, distributor, etc. Viking, Penguin Books India
Date of publication, distribution, etc. 2001
300 ## - PHYSICAL DESCRIPTION
Extent xii, 369p. ; 23cm.
653 ## - INDEX TERM--UNCONTROLLED
Uncontrolled term India—Description and travel
653 ## - INDEX TERM--UNCONTROLLED
Uncontrolled term India—Social life and customs
653 ## - INDEX TERM--UNCONTROLLED
Uncontrolled term Travel literature
653 ## - INDEX TERM--UNCONTROLLED
Uncontrolled term Travelers' writings, Indic
653 ## - INDEX TERM--UNCONTROLLED
Uncontrolled term Voyages and travels
942 ## - ADDED ENTRY ELEMENTS (KOHA)
Koha item type Book
Holdings
Withdrawn status Lost status Damaged status Not for loan Home library Current library Shelving location Date acquired Source of acquisition Total Checkouts Full call number Barcode Date last seen Price effective from Koha item type
        LRC, IIT Indore LRC, IIT Indore 2nd Floor - General Stack 29/06/2026 Gratis Book Price: INR 395.00   915.4 MOR G2558 29/06/2026 29/06/2026 Book
Copyright © 2017-2026 Indian Institute of Technology Indore. All Rights Reserved.
Managed & maintained by Learning Resource Center, IIT Indore